Taylor Swift - Setlist du Fearless Tour - Statistiques

Statistiques générales
  • Ce quiz a été pris 56 fois
  • Le résultat moyen est 13 sur 16
Statistiques - réponses
Hint Réponse % Correct
Fearless Tour Setlist Love Story
100%
Fearless Tour Setlist You Belong With Me
100%
Fearless Tour Setlist Fearless
97%
Fearless Tour Setlist Our Song
94%
Fearless Tour Setlist Teardrops on My Guitar
83%
Fearless Tour Setlist White Horse
83%
Fearless Tour Setlist Hey Stephen
81%
Fearless Tour Setlist Picture to Burn
81%
Fearless Tour Setlist Should've Said No
81%
Fearless Tour Setlist Tim McGraw
81%
Fearless Tour Setlist Fifteen
75%
Fearless Tour Setlist The Way I Loved You
75%
Fearless Tour Setlist Forever & Always
69%
Fearless Tour Setlist Tell Me Why
64%
Fearless Tour Setlist You're Not Sorry
56%
Fearless Tour Setlist I'm Only Me When I'm With You
44%
Aucun quiz correspondant
Distribution des résultats
% des personnes avec chaque résultat
Percentile par nombre de réponses
Votre historique - résultats
Vous n’avez pas pris ce quiz